000
00308nam a2200121Ia 4500
008
190723s9999 xx 000 0 und d
020
_a
978-969-407-390-3
100
_a
Syed Abdul Quddus
245
0
_a
Bureaucracy and Management in Pakistan
260
_a
Karachi
_b
Royal Book
300
_a
332
942
_c
BK
999
_c
1265
_d
1265